|
|
|
|
| LEADER |
00000nam0a2200000 4500 |
| 001 |
297703 |
| 005 |
20231102001031.0 |
| 035 |
|
|
|a (RuTPU)RU\TPU\book\322837
|
| 090 |
|
|
|a 297703
|
| 100 |
|
|
|a 20150610d1947 m y0rusy50 ca
|
| 101 |
0 |
|
|a rus
|
| 102 |
|
|
|a RU
|
| 105 |
|
|
|a a j 000zy
|
| 200 |
1 |
|
|a Проектирование паросиловых корабельных установок. Ч. II. Конструктивные расчеты
|e учебник
|f В. К. Васильев
|
| 210 |
|
|
|a Москва
|c Оборонгиз
|c Главная редакция литературы по судостроению
|d 1947
|
| 215 |
|
|
|a 288 с.
|c ил.
|
| 316 |
|
|
|5 63413507: М-133669
|a На обложке и титульном листе владельческая подпись: "Бутаков"
|
| 317 |
|
|
|5 63413507: М-133669
|a Поступила в НТБ в 1970 г. в составе книжного собрания профессора ТПИ И. Н. Бутакова
|
| 606 |
1 |
|
|a Паросиловые установки судовые
|2 stltpush
|3 (RuTPU)RU\TPU\subj\48316
|9 67192
|
| 610 |
1 |
|
|a корабли
|
| 610 |
1 |
|
|a паросиловые установки
|
| 610 |
1 |
|
|a проектирование
|
| 610 |
1 |
|
|a конструктивные расчеты
|
| 610 |
1 |
|
|a учебники
|
| 610 |
1 |
|
|a библиотека И. Н. Бутакова
|
| 610 |
1 |
|
|a владельческая надпись
|
| 675 |
|
|
|a 621.12
|v 4
|
| 700 |
|
1 |
|a Васильев
|b В. К.
|
| 801 |
|
1 |
|a RU
|b 63413507
|c 20150610
|
| 801 |
|
2 |
|a RU
|b 63413507
|c 20190924
|g RCR
|
| 942 |
|
|
|c BK
|